[Event "XII Figueira da Foz Open 2018"]
[Site "Figueira da Foz"]
[Date "2018.11.02"]
[Round "7"]
[White "Felizes, Paulo"]
[Black "Morais, Vitor"]
[Result "0-1"]
[WhiteElo "1965"]
[BlackElo "1918"]
[Annotator "NA RC"]
[PlyCount "98"]
[EventDate "2018.10.30"]
[EventType "swiss"]
[EventCountry "POR"]
[SourceTitle "playchess.com"]
[Source "ChessBase"]
[SourceQuality "1"]
[TimeControl "40/5400+30:1800+30"]

1. d4 {[%emt 0:00:00]} d6 {[%emt 0:00:00]} 2. e4 {[%emt 0:00:00]} Nf6 {[%emt 0:00:00]} 3. Nc3 {[%emt 0:00:29]} g6 {[%emt 0:00:00]} 4. h4 {[%emt 0:00:13]} h5 {[%emt 0:00:01]} 5. Bg5 {[%emt 0:01:11]} Bg7 {[%emt 0:00:11]} 6. e5 {[%emt 0:02:17]} Nh7 {[%emt 0:00:08]} 7. Nf3 {[%emt 0:08:16]} Nxg5 {[%emt 0:00:08]} 8. Nxg5 {[%emt 0:06:40]} dxe5 {[%emt 0:00:09]} 9. Qf3 {[%emt 0:02:54]} O-O {[%emt 0:00:16]} 10. Bc4 {[%emt 0:05:39]} e6 {[%emt 0:00:26]} 11. d5 {[%emt 0:11:31]} exd5 {[%emt 0:00:11]} 12. Bxd5 {[%emt 0:01:19]} Qe7 {[%emt 0:01:07]} (12... Qe8 $1 $15) 13. Bxb7 {[%emt 0:15:51]} Bxb7 {[%emt 0:00:16]} 14. Qxb7 {[%emt 0:00:03]} Nd7 {[%emt 0:00:08]} 15. Nd5 {[%emt 0:01:08]} Qc5 {[%emt 0:00:21]} 16. Rd1 {[%emt 0:09:18]} Nb6 {[%emt 0:00:54]} 17. b4 {[%emt 0:04:19]} (17. Qc6 $5 Qxc6 18. Ne7+ Kh8 19. Nxc6 $14) 17... Qc4 {[%emt 0:01:35]} 18. Nxf7 {[%emt 0:15:51]} Rab8 {[%emt 0:01:15]} 19. Qxc7 $19 {[%emt 0:07:45]} (19. Ng5 $1 $11 {and White is okay.} Qxc2 20. Ne7+ Kh8 21. Nf7+ Rxf7 22. Qxb8+ Rf8 23. Nxg6+ Qxg6 24. Qb7) 19... Qxc7 {[%emt 0:01:27]} 20. Nxc7 {[%emt 0:00:07]} Rxf7 {[%emt 0:00:21]} 21. Ne6 {[%emt 0:00:16]} Rc8 {[%emt 0:01:02]} 22. Nc5 {[%emt 0:00:50]} Bf8 {[%emt 0:00:12]} 23. Nd3 {[%emt 0:01:03]} e4 {[%emt 0:00:09]} 24. Ne5 {[%emt 0:00:08]} Bxb4+ {[%emt 0:00:13]} 25. Ke2 {[%emt 0:00:16]} Rxc2+ {[%emt 0:00:34]} 26. Ke3 {[%emt 0:00:09]} Rfxf2 {[%emt 0:01:20]} 27. Nxg6 {[%emt 0:02:12]} Rxg2 {[%emt 0:01:00]} 28. Nf4 {[%emt 0:00:32]} Bd2+ {[%emt 0:01:36]} 29. Kxe4 {[%emt 0:00:10]} Bxf4 {[%emt 0:00:24]} 30. Kxf4 {[%emt 0:00:10]} Rxa2 {[%emt 0:00:13]} 31. Ra1 {[%emt 0:02:00]} Kg7 {[%emt 0:00:23]} 32. Rhg1 {[%emt 0:01:02]} Kf6 {[%emt 0:01:48]} 33. Rxa2 {[%emt 0:01:15]} Rxa2 {[%emt 0:00:39]} 34. Rg5 {[%emt 0:00:05]} Ra4+ {[%emt 0:00:15]} 35. Kf3 {[%emt 0:00:06]} Rxh4 {[%emt 0:00:33]} 36. Ra5 {[%emt 0:00:05]} Nc8 {[%emt 0:01:05]} 37. Ra6+ {[%emt 0:01:15]} Kf5 {[%emt 0:00:24]} 38. Ra5+ {[%emt 0:00:24]} Ke6 {[%emt 0:00:16]} 39. Kg3 {[%emt 0:00:17]} Rh1 {[%emt 0:01:03]} 40. Kg2 {[%emt 0:00:00]} Re1 {[%emt 0:00:00]} 41. Rxh5 {[%emt 0:00:41]} Re5 {[%emt 0:00:26]} 42. Rh6+ {[%emt 0:01:00]} Kd7 {[%emt 0:00:13]} 43. Kf3 {[%emt 0:00:13]} a5 {[%emt 0:00:11]} 44. Kf4 {[%emt 0:00:08]} Re6 {[%emt 0:00:45]} 45. Rh5 {[%emt 0:00:15]} a4 {[%emt 0:00:11]} 46. Ra5 {[%emt 0:00:53]} Nb6 {[%emt 0:00:18]} 47. Kf5 {[%emt 0:00:11]} Re8 {[%emt 0:00:08]} 48. Rb5 {[%emt 0:01:02]} Kc6 {[%emt 0:00:13]} 49. Rb1 {[%emt 0:00:06]} Kc5 {[%emt 0:00:10]} 0-1

[Event "XII Figueira da Foz Open 2018"]
[Site "Figueira da Foz"]
[Date "2018.11.02"]
[Round "7"]
[White "Lopez de Turiso, Jose Angel"]
[Black "Guerreiro, Nuno"]
[Result "0-1"]
[WhiteElo "1933"]
[BlackElo "2069"]
[Annotator "NA RC"]
[PlyCount "86"]
[EventDate "2018.10.30"]
[EventType "swiss"]
[EventCountry "POR"]
[SourceTitle "playchess.com"]
[Source "ChessBase"]
[SourceQuality "1"]
[TimeControl "40/5400+30:1800+30"]

1. d4 Nf6 2. Nf3 g6 3. Nbd2 d5 4. e3 Bg7 5. Bd3 O-O 6. b3 c5 7. Bb2 cxd4 8. exd4 Nc6 9. a3 Re8 10. O-O Bg4 11. h3 Bxf3 12. Nxf3 Ne4 13. c4 e6 14. b4 Ng5 15. Ne5 f6 16. Nxc6 bxc6 17. cxd5 cxd5 18. Bb5 Re7 19. Bc6 Rc8 20. b5 Ne4 21. a4 Bh6 22. Re1 Bf4 23. g3 Bb8 24. Ba3 Rg7 25. Rc1 h5 26. Qb3 Nd2 27. Qd3 Ne4 28. Qb3 f5 29. Kg2 h4 30. Re3 hxg3 31. fxg3 Kh7 32. Qd3 Qa5 33. Qd1 Qd8 34. Qd3 Qg5 35. h4 Qh5 36. Qd1 Qh6 37. Qe2 g5 38. hxg5 Qxg5 39. Rh1+ Kg8 40. Qh5 Qxe3 41. Qh8+ Kf7 42. Qh5+ Kf6 43. Qh4+ Qg5 0-1

[Event "XII Figueira da Foz Open 2018"]
[Site "Figueira da Foz"]
[Date "2018.11.02"]
[Round "7"]
[White "Pais, Bruno Miguel Dos Sa"]
[Black "Adams, Philip"]
[Result "1/2-1/2"]
[WhiteElo "1836"]
[BlackElo "1980"]
[Annotator "NA RC"]
[PlyCount "36"]
[EventDate "2018.10.30"]
[EventType "swiss"]
[EventCountry "POR"]
[SourceTitle "playchess.com"]
[Source "ChessBase"]
[SourceQuality "1"]
[TimeControl "40/5400+30:1800+30"]

1. d4 Nf6 2. c4 e6 3. Nf3 b6 4. a3 c5 5. d5 exd5 6. cxd5 d6 7. e4 g6 8. Nc3 Bg7 9. Bd3 O-O 10. h3 Ba6 11. Bf4 Bxd3 12. Qxd3 a6 13. O-O Ne8 14. Rfe1 f6 15. Bh2 Nd7 $14 16. h4 Ne5 17. Bxe5 dxe5 18. Rad1 Nd6 1/2-1/2

[Event "XII Figueira da Foz Open 2018"]
[Site "Figueira da Foz"]
[Date "2018.11.02"]
[Round "7"]
[White "Louzao Brea, Jose Luis"]
[Black "Pipiras, Filipa Fortuna"]
[Result "0-1"]
[WhiteElo "1835"]
[BlackElo "1853"]
[Annotator "NA RC"]
[PlyCount "100"]
[EventDate "2018.10.30"]
[EventType "swiss"]
[EventCountry "POR"]
[SourceTitle "playchess.com"]
[Source "ChessBase"]
[SourceQuality "1"]
[TimeControl "40/5400+30:1800+30"]

{[%evp 23,100,0,0,0,0,-4,32767,-20,75,64,114,81,32767,32767,32767,32767,32767,32767,32767,32767,32767,32767,32767,32767,32767,32767,-13,-19,-18,32767,-7,32767,20,32767,32767,32767,32767,32767,32767,32767,32767,32767,0,0,0,-15,0,0,0,0,-2,-24,-26,-102,-101,-106,-106,-103,-104,-107,32767,32767,32767,32767,32767,32767,0,0,0,-232,-223,-778,-302,-842,-789,-3414,-473,-839,-12843]} 1. e4 {[%emt 0:09:27]} e5 {[%emt 0:00:04]} 2. Nf3 {[%emt 0:00:25]} Nc6 {[%emt 0:00:30]} 3. Bb5 {[%emt 0:00:22]} a6 {[%emt 0:00:24]} 4. Ba4 {[%emt 0:00:15]} Nf6 {[%emt 0:00:24]} 5. d3 {[%emt 0:00:32]} d6 {[%emt 0:00:41]} 6. h3 {[%emt 0:00:42]} Be7 {[%emt 0:00:33]} 7. O-O {[%emt 0:01:00] C77: Ruy Lopez: 3...a6 4 Ba4 Nf6, unusual lines} O-O {[%emt 0:00:27]} 8. c3 {[%emt 0:01:02]} Re8 {[%emt 0:00:41]} 9. Be3 {[%emt 0:01:23]} Bf8 {[%emt 0:01:10]} 10. Nbd2 {[%emt 0:03:54]} h6 {[%emt 0:03:05]} 11. Re1 {[%emt 0:08:59]} d5 $146 {[%emt 0:03:20]} ({Predecessor:} 11... b5 12. Bb3 Na5 13. Bc2 c5 14. d4 Qc7 15. d5 Bd7 {0-1 (74) Bartel,M (2622)-Fressinet,L (2702) Berlin 2015}) 12. exd5 {[%emt 0:02:17]} Nxd5 {[%emt 0:00:47]} 13. Nf1 {[%emt 0:01:56]} b5 {[%emt 0:02:32]} 14. Bb3 {[%emt 0:00:08]} Na5 {[%emt 0:02:27]} 15. Bc2 {[%emt 0:02:27]} f5 {[%emt 0:01:24]} (15... c5 $11) 16. Bd2 {[%emt 0:02:26]} Nc6 {[%emt 0:02:21]} 17. a4 {[%emt 0:01:46]} Rb8 {[%emt 0:01:33]} 18. axb5 {[%emt 0:00:51]} axb5 {[%emt 0:00:10]} 19. Bb3 {[%emt 0:00:18]} Kh8 {[%emt 0:01:35]} 20. Ng3 {[%emt 0:02:58]} Nf6 {[%emt 0:13:15]} 21. Bf7 {[%emt 0:03:00]} Re7 {[%emt 0:03:37]} 22. Bg6 {[%emt 0:00:45]} Qxd3 {[%emt 0:01:42]} 23. Re3 {[%emt 0:00:59]} Qd5 {[%emt 0:01:09]} 24. Bxf5 {[%emt 0:06:30]} e4 {[%emt 0:01:05]} 25. Nh4 {[%emt 0:04:46]} Bxf5 $1 {[%emt 0:00:46]} 26. Nhxf5 {[%emt 0:06:25]} Rd7 27. Re2 {[%emt 0:01:35]} Bc5 {[%emt 0:04:53]} 28. Qe1 {[%emt 0:01:41]} Ne5 {[%emt 0:02:22]} 29. Be3 {[%emt 0:07:45]} Nd3 {[%emt 0:01:44]} 30. Qb1 {[%emt 0:01:39]} b4 {[%emt 0:04:48]} 31. Bxc5 {[%emt 0:09:22]} Qxc5 32. Qc2 {[%emt 0:02:32]} Rbd8 {[%emt 0:10:58]} (32... Nf4 $15 33. Re3 N4d5) 33. cxb4 {[%emt 0:02:03]} Qxb4 {[%emt 0:01:13]} 34. Ra4 {[%emt 0:00:29]} Qb5 {[%emt 0:01:42]} 35. Qc4 {[%emt 0:04:04]} Qe5 {[%emt 0:04:19]} 36. Qc3 {[%emt 0:01:35]} Qf4 {[%emt 0:08:14]} 37. Ne3 {[%emt 0:04:12] [#]} Nxf2 $1 {[%emt 0:01:41]} 38. Rxf2 {[%emt 0:05:18]} (38. Nef1 $1 $11 {keeps the balance.} Nd1 39. Qc6) 38... Qxg3 {[%emt 0:00:24]} 39. Rxf6 {[%emt 0:00:48]} gxf6 {[%emt 0:02:21]} 40. Qxf6+ {[%emt 0:00:00]} Qg7 {[%emt 0:00:00]} 41. Qxg7+ {[%emt 0:06:31]} Rxg7 {[%emt 0:01:52]} 42. Rxe4 {[%emt 0:00:09]} Rd2 {[%emt 0:02:20]} 43. b4 {[%emt 0:00:49]} Re2 {[%emt 0:01:16]} 44. Kf1 {[%emt 0:00:28]} Rgxg2 {[%emt 0:01:27]} ({Better is} 44... Rb2 $17 45. Rc4 Kg8) 45. Re8+ {[%emt 0:01:31]} Kh7 {[%emt 0:00:16]} (45... Kg7 $5 46. Nf5+ $8 Kg6 47. Rxe2 Rxe2 48. Kxe2 Kxf5 $11) 46. Re7+ $2 {[%emt 0:00:14]} (46. Rf8 $1 $11 {und Weiss steht sicher.} Rxe3 47. Kxg2) 46... Kg8 {[%emt 0:00:27]} 47. Nd5 $2 {[%emt 0:02:49]} (47. Rxc7 Rgf2+ 48. Kg1) 47... Ref2+ {[%emt 0:01:53]} 48. Ke1 {[%emt 0:00:06]} Rb2 {[%emt 0:00:28]} (48... Rc2 $142 49. Kf1 Rgd2 50. Nxc7 Rd1+ 51. Re1 Rxe1+ 52. Kxe1 Rxc7) 49. Kf1 {[%emt 0:05:53]} Rgf2+ {[%emt 0:00:15]} 50. Ke1 $19 {[%emt 0:00:15]} (50. Kg1 $142 Rfd2 51. Nf6+ Kf8 52. Re1) 50... Rh2 {[%emt 0:00:11]} 0-1

[Event "XII Figueira da Foz Open 2018"]
[Site "Figueira da Foz"]
[Date "2018.11.02"]
[Round "7"]
[White "Marques, Joao Paulo C Veloso"]
[Black "Dionizio, Andre Filipe Nascim"]
[Result "1/2-1/2"]
[WhiteElo "1807"]
[BlackElo "2013"]
[Annotator "NA RC"]
[PlyCount "104"]
[EventDate "2018.10.30"]
[EventType "swiss"]
[EventCountry "POR"]
[SourceTitle "playchess.com"]
[Source "ChessBase"]
[SourceQuality "1"]
[TimeControl "40/5400+30:1800+30"]

{[%evp 20,103,2,32767,32767,-51,32767,32767,32767,-59,21,-20,37,-54,32767,32767,32767,32767,32767,32767,32767,32767,0,13,18,0,32767,-39,32767,-41,32767,32767,32767,32767,32767,32767,32767,32767,32767,32767,32767,32767,32767,-82,110,122,113,95,144,118,233,87,142,143,146,141,128,32767,32767,32767,32767,0,97,78,136,125,32767,32767,135,114,191,193,205,181,183,143,233,253,289,251,361,269,270,249,302,304]} 1. c4 {[%emt 0:00:00]} Nf6 {[%emt 0:00:00]} 2. Nf3 {[%emt 0:00:00]} e6 {[%emt 0:00:28]} 3. g3 {[%emt 0:00:00]} d5 {[%emt 0:00:16]} 4. Bg2 {[%emt 0:00:00]} Be7 {[%emt 0:00:01]} 5. O-O {[%emt 0:00:05]} O-O {[%emt 0:00:05]} 6. Qc2 {[%emt 0:00:47]} c5 {[%emt 0:00:56]} 7. d3 {[%emt 0:01:08] A14: English Opening: 1...e6 with b3 by White} (7. d4 Na6 8. dxc5 Nxc5 9. Rd1 Bd7 10. Ne5 Rc8 11. Nc3 dxc4 12. Nxc4 Qe8 13. Bf4 b5 14. Nd6 Bxd6 15. Bxd6 {1-0 (54) Svidler,P (2765)-Bacrot,E (2725) Riadh 2017}) 7... b6 {[%emt 0:01:26]} 8. e3 {[%emt 0:01:43]} Bb7 {[%emt 0:00:50]} 9. Nc3 {[%emt 0:00:39]} Nc6 {[%emt 0:04:33]} 10. b3 {[%emt 0:02:19]} a6 {[%emt 0:14:00]} 11. a3 {[%emt 0:02:28]} Qc7 {[%emt 0:00:59]} 12. Bb2 {[%emt 0:03:19]} Rfd8 {[%emt 0:00:37]} 13. Rfd1 $146 {[%emt 0:02:13]} ({Predecessor:} 13. Rad1 Rac8 14. Rd2 d4 15. Nd1 e5 {1-0 (32) Kreuzer,G (2178)-Staeblein,C (2129) Bayern 2007}) 13... Rac8 {[%emt 0:04:06]} 14. Rac1 {[%emt 0:00:14]} (14. cxd5 $11 exd5 15. Ne2) 14... h6 {[%emt 0:07:44]} (14... d4 $15 15. Ne4 Nxe4 16. dxe4 Bf6) 15. Qe2 {[%emt 0:05:19]} Qb8 {[%emt 0:04:40]} (15... d4 $11 16. Ne4 Nxe4 17. dxe4 e5) 16. Qc2 {[%emt 0:00:44]} ({White should try} 16. cxd5 $14 exd5 17. Na4) 16... Ba8 {[%emt 0:04:57]} 17. Rb1 {[%emt 0:11:05]} b5 {[%emt 0:04:31]} 18. Ne2 {[%emt 0:02:58]} e5 {[%emt 0:05:48]} 19. cxd5 {[%emt 0:07:43]} Nxd5 {[%emt 0:00:13]} 20. Nc3 {[%emt 0:01:07] [#]} Nc7 {[%emt 0:01:20]} (20... Nd4 $1 $17 {[%mdl 512]} 21. Nxd5 (21. exd4 cxd4) 21... Nxc2 22. Nxe7+ Kf8 23. Bxe5 Rc7) 21. Ne4 {[%emt 0:01:04]} Ne6 {[%emt 0:00:10]} 22. Qe2 {[%emt 0:02:52]} f5 {[%emt 0:03:58]} 23. Ned2 {[%emt 0:06:23]} Qd6 {[%emt 0:02:39]} 24. Nf1 {[%emt 0:02:00]} Bf6 {[%emt 0:01:18]} 25. Ne1 {[%emt 0:04:25]} Qe7 {[%emt 0:06:46]} 26. Ba1 {[%emt 0:05:01]} Bb7 {[%emt 0:07:09]} 27. Bb2 {[%emt 0:00:29]} Rd6 {[%emt 0:03:47]} 28. Rdc1 {[%emt 0:01:44]} Rcd8 {[%emt 0:02:15]} 29. Ba1 {[%emt 0:01:11]} b4 {[%emt 0:03:37]} 30. a4 {[%emt 0:00:09]} a5 {[%emt 0:00:13]} 31. Qh5 {[#]} (31. h4 $11 {remains equal.}) 31... Bc8 $2 {[%emt 0:02:55]} (31... g6 $1 $17 {[%cal Rg6h5][%mdl 512]} 32. Qxh6 (32. Qxg6+ $2 Ng7 $19) 32... Qe8) 32. Nd2 {[%emt 0:08:40]} f4 {[%emt 0:10:25]} 33. Nc4 {[%emt 0:02:01]} fxe3 {[%emt 0:00:52]} 34. fxe3 {[%emt 0:03:45]} ({Inferior is} 34. Nxd6 exf2+ 35. Kxf2 Qxd6 $15) 34... Bg5 {[%emt 0:01:06]} (34... Qc7 $16 {is a better defense.}) 35. Rd1 {[%emt 0:07:18]} (35. h4 $18 Bf6 36. Be4) 35... Nc7 {[%emt 0:02:15]} (35... Ba6 $14) 36. h4 Bf6 {[%emt 0:00:47]} 37. Nxd6 {[%emt 0:06:12]} Qxd6 {[%emt 0:00:30]} 38. Qf3 {[%emt 0:03:19]} Ne7 $11 {[%emt 0:00:39]} 39. Rbc1 {[%emt 0:03:01]} Be6 {[%emt 0:00:16]} 40. Rb1 {[%emt 0:00:00]} Qd7 {[%emt 0:00:00]} 41. Qe2 Nf5 {[%emt 0:02:25]} (41... Ncd5 $142) 42. Qf2 {[%emt 0:08:23]} Qf7 {[%emt 0:01:03]} 43. Rdc1 {[%emt 0:02:55]} Na6 {[%emt 0:02:41]} 44. Bh3 g6 {[%emt 0:00:12]} (44... Nd6 $16 {might work better.} 45. Bxe6 Qxe6) 45. e4 {[%emt 0:04:53]} Ng7 {[%emt 0:01:31]} 46. Bxe6 {[%emt 0:00:20]} Qxe6 {[%emt 0:00:07]} 47. Rd1 {[%emt 0:06:02]} Qe7 {[%emt 0:02:00]} (47... Nh5 $142 48. Qg2 Qd6) 48. Ng2 {[%emt 0:00:43]} Ne6 {[%emt 0:00:53]} 49. Ne3 {[%emt 0:01:09]} Nec7 {[%emt 0:02:02]} 50. Ng4 {[%emt 0:02:42]} Bg7 {[%emt 0:00:01]} 51. Qc2 {[%emt 0:01:48]} Kh7 {[%emt 0:02:57]} 52. Rf1 $18 {[%emt 0:01:06]} Rd7 {[%emt 0:07:01]} 1/2-1/2

[Event "XII Figueira da Foz Open 2018"]
[Site "Figueira da Foz"]
[Date "2018.11.02"]
[Round "7"]
[White "Asvestopoulou, Evdokia"]
[Black "Dong, Fabio"]
[Result "1-0"]
[WhiteElo "1720"]
[BlackElo "1273"]
[Annotator "NA RC"]
[PlyCount "55"]
[EventDate "2018.10.30"]
[EventType "swiss"]
[EventCountry "POR"]
[SourceTitle "playchess.com"]
[Source "ChessBase"]
[SourceQuality "1"]
[TimeControl "40/5400+30:1800+30"]

1. d4 {[%emt 0:06:24]} Nf6 {[%emt 0:00:00]} 2. c4 {[%emt 0:00:49]} e6 {[%emt 0:00:00]} 3. Nf3 {[%emt 0:00:22]} b6 4. Nc3 {[%emt 0:03:45]} Bb4 {[%emt 0:00:58]} 5. e3 {[%emt 0:02:06]} O-O {[%emt 0:00:58]} 6. Bd3 {[%emt 0:01:03]} Bb7 {[%emt 0:01:49]} 7. O-O {[%emt 0:00:11]} c5 {[%emt 0:00:23]} 8. Qc2 {[%emt 0:04:58]} h6 {[%emt 0:07:55]} 9. Ne2 {[%emt 0:02:03]} cxd4 {[%emt 0:00:23]} 10. exd4 {[%emt 0:00:18]} Bxf3 {[%emt 0:01:33]} 11. gxf3 {[%emt 0:00:03]} Nc6 {[%emt 0:09:44]} 12. Kh1 {[%emt 0:00:45]} Ne8 {[%emt 0:12:00]} 13. Rg1 {[%emt 0:01:48]} Qf6 {[%emt 0:01:27]} 14. Rg2 {[%emt 0:02:21]} Kh8 {[%emt 0:04:24]} 15. a3 {[%emt 0:04:06]} Bd6 {[%emt 0:04:02]} 16. b4 {[%emt 0:01:22]} Nxd4 {[%emt 0:02:26]} 17. Nxd4 {[%emt 0:00:23]} Qxd4 {[%emt 0:00:17]} 18. Bb2 {[%emt 0:00:09]} Qf4 {[%emt 0:01:22]} 19. Rag1 {[%emt 0:01:27]} Nf6 {[%emt 0:06:41]} 20. Re1 {[%emt 0:02:18]} Qxf3 {[%emt 0:05:29]} 21. Be4 {[%emt 0:03:52]} Nxe4 {[%emt 0:03:16]} 22. Bxg7+ {[%emt 0:01:27]} Kh7 {[%emt 0:02:11]} 23. Rxe4 {[%emt 0:08:17]} f5 {[%emt 0:08:44]} 24. Qd2 {[%emt 0:12:50]} Rf6 {[%emt 0:08:01]} 25. Re3 {[%emt 0:11:39]} Qf4 {[%emt 0:02:01]} 26. Bxf6 {[%emt 0:02:56]} Rg8 {[%emt 0:01:58]} 27. Rd3 {[%emt 0:04:15]} Qe4 {[%emt 0:02:02]} 28. f3 1-0

[Event "XII Figueira da Foz Open 2018"]
[Site "Figueira da Foz"]
[Date "2018.11.02"]
[Round "7"]
[White "Dias, Jose Oliveira Gaspa"]
[Black "Moes Joaquim, Carlos"]
[Result "1-0"]
[WhiteElo "1605"]
[BlackElo "1415"]
[Annotator "NA RC"]
[PlyCount "131"]
[EventDate "2018.10.30"]
[EventType "swiss"]
[EventCountry "POR"]
[SourceTitle "playchess.com"]
[Source "ChessBase"]
[SourceQuality "1"]
[TimeControl "40/5400+30:1800+30"]

1. Nf3 {[%emt 0:00:00]} d5 {[%emt 0:00:22]} 2. g3 {[%emt 0:00:00]} Nf6 {[%emt 0:00:52]} 3. Bg2 {[%emt 0:00:05]} Bg4 {[%emt 0:01:28]} 4. d3 {[%emt 0:00:46]} e6 {[%emt 0:01:07]} 5. O-O {[%emt 0:00:10]} Bd6 {[%emt 0:01:23]} 6. Nbd2 {[%emt 0:00:35]} Nbd7 {[%emt 0:00:31]} 7. c4 {[%emt 0:01:23]} c6 {[%emt 0:00:16]} 8. b3 {[%emt 0:01:22]} O-O {[%emt 0:00:38]} 9. Bb2 {[%emt 0:00:00]} c5 {[%emt 0:03:45]} 10. Re1 {[%emt 0:04:38]} Re8 {[%emt 0:01:26]} 11. e4 {[%emt 0:00:15]} d4 {[%emt 0:01:10]} 12. h3 Bh5 {[%emt 0:01:43]} 13. Nf1 {[%emt 0:01:13]} Ne5 {[%emt 0:04:20]} 14. N1h2 {[%emt 0:00:18]} h6 {[%emt 0:01:45]} 15. Qd2 {[%emt 0:01:03]} Nxf3+ {[%emt 0:03:11]} 16. Nxf3 {[%emt 0:00:30]} Bc7 {[%emt 0:00:09]} 17. a3 {[%emt 0:02:04]} Rb8 {[%emt 0:10:35]} 18. b4 {[%emt 0:03:24]} b6 {[%emt 0:00:19]} 19. g4 {[%emt 0:00:49]} Bg6 {[%emt 0:09:33]} 20. Bc1 {[%emt 0:09:48]} Qe7 {[%emt 0:10:49]} 21. b5 {[%emt 0:08:38]} Rbd8 {[%emt 0:14:02]} 22. Kf1 {[%emt 0:03:25]} Bb8 {[%emt 0:00:18]} 23. Ng1 {[%emt 0:00:34]} e5 {[%emt 0:01:29]} 24. Ne2 {[%emt 0:01:39]} h5 {[%emt 0:01:04]} 25. f3 {[%emt 0:01:18]} Qd7 {[%emt 0:04:38]} 26. g5 {[%emt 0:06:30]} Nh7 {[%emt 0:01:09]} 27. h4 {[%emt 0:00:19]} Bd6 {[%emt 0:01:13]} 28. Ng1 {[%emt 0:00:52]} Nf8 {[%emt 0:00:39]} 29. Bh3 {[%emt 0:00:45]} Ne6 {[%emt 0:00:44]} 30. Qh2 {[%emt 0:05:19]} Rf8 {[%emt 0:01:31]} 31. Ra2 {[%emt 0:00:43]} Qe7 {[%emt 0:05:13]} 32. Ne2 {[%emt 0:00:33]} f6 {[%emt 0:01:29]} 33. Bxe6+ {[%emt 0:03:01]} Qxe6 {[%emt 0:00:44]} 34. gxf6 {[%emt 0:01:42]} Qxf6 {[%emt 0:01:05]} 35. Ng1 {[%emt 0:00:22]} Rd7 {[%emt 0:01:46]} 36. Rf2 {[%emt 0:01:00]} Be8 {[%emt 0:07:44]} 37. Qh3 {[%emt 0:00:51]} g6 {[%emt 0:02:19]} 38. Ke2 Rh7 {[%emt 0:02:04]} 39. Bg5 {[%emt 0:01:33]} Qf7 {[%emt 0:00:35]} 40. Ref1 {[%emt 0:00:00]} a6 {[%emt 0:00:00]} 41. a4 {[%emt 0:04:46]} axb5 {[%emt 0:01:35]} 42. axb5 {[%emt 0:00:16]} Bxb5 {[%emt 0:00:17]} 43. cxb5 {[%emt 0:00:27]} Qa2+ {[%emt 0:00:14]} 44. Bd2 {[%emt 0:00:20]} Rhf7 {[%emt 0:03:08]} 45. Rc1 {[%emt 0:01:00]} Kh7 {[%emt 0:03:01]} 46. Qg3 {[%emt 0:00:52]} Ra7 {[%emt 0:03:45]} 47. Qg5 {[%emt 0:00:29]} Rf4 {[%emt 0:01:04]} 48. Rg2 {[%emt 0:00:26]} Qe6 {[%emt 0:01:08]} 49. Bxf4 {[%emt 0:02:38]} exf4 {[%emt 0:00:26]} 50. Kf1 {[%emt 0:02:21]} Be7 {[%emt 0:03:50]} 51. Qxf4 {[%emt 0:01:29]} Ra5 {[%emt 0:01:58]} 52. Rb2 {[%emt 0:04:34]} Bf6 {[%emt 0:00:10]} 53. Qg3 {[%emt 0:00:43]} Qe7 {[%emt 0:00:35]} 54. Ne2 {[%emt 0:01:27]} Bxh4 {[%emt 0:00:31]} 55. Qh3 {[%emt 0:01:17]} Bg5 {[%emt 0:00:50]} 56. f4 {[%emt 0:00:56]} Bh6 {[%emt 0:00:04]} 57. Rcb1 {[%emt 0:00:19]} c4 {[%emt 0:03:09]} 58. f5 {[%emt 0:02:40]} Ra3 {[%emt 0:01:09]} 59. fxg6+ {[%emt 0:00:10]} Kg7 {[%emt 0:00:40]} 60. Nxd4 {[%emt 0:02:24]} Qf6+ 61. Nf5+ Kxg6 {[%emt 0:08:07]} 62. Rg2+ {[%emt 0:00:46]} Kh7 63. Qxh5 Rxd3 {[%emt 0:03:45]} 64. Qxh6+ {[%emt 0:00:38]} Qxh6 {[%emt 0:00:39]} 65. Nxh6 {[%emt 0:00:08]} Kxh6 {[%emt 0:00:20]} 66. Ke2 1-0

[Event "XII Figueira da Foz Open 2018"]
[Site "Figueira da Foz"]
[Date "2018.11.02"]
[Round "7"]
[White "Gama, Joao Goncalo Cereje"]
[Black "Fonseca, Rene Gil Bakker"]
[Result "1-0"]
[WhiteElo "1598"]
[BlackElo "1378"]
[Annotator "NA RC"]
[PlyCount "53"]
[EventDate "2018.10.30"]
[EventType "swiss"]
[EventCountry "POR"]
[SourceTitle "playchess.com"]
[Source "ChessBase"]
[SourceQuality "1"]
[TimeControl "40/5400+30:1800+30"]

1. e4 e6 2. d4 d5 3. exd5 exd5 {[%emt 0:00:07]} 4. Nf3 {[%emt 0:00:19]} Bd6 {[%emt 0:00:21]} 5. Bd3 {[%emt 0:01:22]} Ne7 {[%emt 0:00:22]} 6. O-O {[%emt 0:01:44]} O-O {[%emt 0:00:15]} 7. h3 {[%emt 0:03:07]} Bf5 {[%emt 0:00:33]} 8. Bg5 {[%emt 0:00:30]} f6 {[%emt 0:00:30]} 9. Bh4 {[%emt 0:00:30]} Qd7 {[%emt 0:00:30]} 10. Bg3 {[%emt 0:00:30]} Na6 {[%emt 0:00:30]} 11. Bxd6 {[%emt 0:00:30]} Qxd6 {[%emt 0:00:30]} 12. c3 {[%emt 0:00:30]} c6 {[%emt 0:00:30]} 13. Bxa6 {[%emt 0:00:30]} bxa6 {[%emt 0:00:30]} 14. Qa4 {[%emt 0:00:30]} Bd3 {[%emt 0:00:30]} 15. Re1 {[%emt 0:00:30]} Rfe8 {[%emt 0:00:30]} 16. Nbd2 {[%emt 0:00:30]} Bb5 {[%emt 0:00:30]} 17. Qc2 {[%emt 0:00:30]} c5 {[%emt 0:00:30]} 18. dxc5 {[%emt 0:00:30]} Qxc5 {[%emt 0:00:30]} 19. Nb3 {[%emt 0:00:30]} Qc7 {[%emt 0:00:30]} 20. Nbd4 {[%emt 0:00:30]} Bd7 {[%emt 0:00:30]} 21. Rad1 {[%emt 0:00:30]} Ng6 {[%emt 0:00:30]} 22. Nf5 {[%emt 0:00:30]} Rxe1+ {[%emt 0:00:30]} 23. Rxe1 {[%emt 0:00:30]} Qf4 {[%emt 0:00:30]} 24. N3d4 {[%emt 0:00:30]} Kf7 {[%emt 0:00:30]} 25. Qb3 {[%emt 0:00:30]} Nf8 {[%emt 0:00:30]} 26. Re7+ {[%emt 0:00:30]} Kg6 {[%emt 0:00:30]} 27. Rxg7+ {[%emt 0:00:30]} 1-0